[Event "ITA-ch U20"]
[Site "Porto San Giorgio"]
[Date "2004.08.24"]
[Round "5"]
[White "Rostolis, Riccardo"]
[Black "Covolan, Stefano"]
[Result "1-0"]
[WhiteElo "1709"]
[BlackElo "1586"]
[PlyCount "83"]
[EventDate "2004.08.20"]
[EventType "swiss"]
[EventRounds "9"]
[EventCountry "ITA"]
[SourceTitle "EXT 2005"]
[Source "ChessBase"]
[SourceDate "2004.11.15"]
[SourceVersion "1"]
[SourceVersionDate "2004.11.15"]
[SourceQuality "1"]

1. e4 c5 2. Nf3 d6 3. d4 cxd4 4. Nxd4 Nf6 5. Nc3 a6 6. Bc4 e6 7. Be3 b5 8. Bb3 Bb7 9. f3 Be7 10. Bxe6 0-0 11. Bb3 Nbd7 12. Qe2 Nc5 13. 0-0-0 b4 14. Na4 Qa5 15. Nxc5 dxc5 16. Nf5 Qc7 17. g4 a5 18. Ba4 Ba6 19. Qg2 Rad8 20. Qg3 Qa7 21. Qe5 Rxd1+ 22. Rxd1 Bd8 23. Bxc5 Bc7 24. Qxf6 Bf4+ 25. Kb1 gxf6 26. Bxa7 Be2 27. Re1 Rd8 28. Bb6 Rd2 29. Bxa5 Bxf3 30. Bxb4 Rxh2 31. a3 Bg5 32. Ne7+ Kg7 33. Bd7 h5 34. gxh5 Rxh5 35. a4 Rh8 36. Bc3 Ra8 37. a5 Ra7 38. Rf1 Be2 39. Rf2 Bc4 40. Nf5+ Kf8 41. Rh2 Rxd7 42. Rh8# 1-0

[Event "ITA-ch U20"]
[Site "Porto San Giorgio"]
[Date "2004.08.23"]
[Round "4"]
[White "Covolan, Stefano"]
[Black "Regorda, Massimiliano"]
[Result "1/2-1/2"]
[WhiteElo "1586"]
[BlackElo "1703"]
[PlyCount "104"]
[EventDate "2004.08.20"]
[EventType "swiss"]
[EventRounds "9"]
[EventCountry "ITA"]
[SourceTitle "EXT 2005"]
[Source "ChessBase"]
[SourceDate "2004.11.15"]
[SourceVersion "1"]
[SourceVersionDate "2004.11.15"]
[SourceQuality "1"]

1. e4 e5 2. Nf3 Nc6 3. d4 exd4 4. Bc4 Bb4+ 5. c3 dxc3 6. bxc3 Bd6 7. 0-0 Nf6 8. Re1 Be5 9. Bb3 0-0 10. Nxe5 Nxe5 11. f4 Ng6 12. e5 Ne8 13. Qh5 Qh4 14. Qxh4 Nxh4 15. Ba3 d6 16. Nd2 Ng6 17. g3 Be6 18. Nc4 Bxc4 19. Bxc4 b6 20. Bd5 Rd8 21. Bc6 Ne7 22. Bb5 c5 23. Rad1 d5 24. c4 d4 25. g4 Nc7 26. Ba4 Ng6 27. f5 Nf4 28. Re4 Nh3+ 29. Kg2 Ng5 30. Ree1 h6 31. h4 Nh7 32. e6 fxe6 33. fxe6 Nxe6 34. Rxe6 Nf6 35. g5 hxg5 36. hxg5 Nh5 37. Re4 Rf5 38. Bc1 Rdf8 39. Kh3 Nf4+ 40. Bxf4 Rxf4 41. Rxf4 Rxf4 42. g6 Rf3+ 43. Kg4 Re3 44. Bc2 Re2 45. Bb3 Rg2+ 46. Kh5 Rh2+ 47. Kg5 Rg2+ 48. Kf5 Rf2+ 49. Ke5 Rg2 50. Kf5 Rf2+ 51. Ke4 Rg2 52. Kf5 Rf2+ 1/2-1/2